000
00283nam a2200109Ia 4500
008
230302s9999 xx 000 0 und d
082
_a
658.8342GRO
100
_a
GROSS (T.SCOTT)
245
_a
HOW TO GET WHAT YOU WANT FROM ALMOST ANYBODY
260
_a
NY
_b
WEST PUB
365
_c
RS
999
_c
151318
_d
151318